<?xml version="1.0" encoding="UTF-8"?>
<record
    xmlns:xsi="http://www.w3.org/2001/XMLSchema-instance"
    xsi:schemaLocation="http://www.loc.gov/MARC21/slim http://www.loc.gov/standards/marcxml/schema/MARC21slim.xsd"
    xmlns="http://www.loc.gov/MARC21/slim">

  <leader>00626nam a22001337a 4500</leader>
  <datafield tag="040" ind1=" " ind2=" ">
    <subfield code="c">RUA</subfield>
  </datafield>
  <datafield tag="082" ind1=" " ind2=" ">
    <subfield code="a">AGR VOR 2017 B635 Or.1</subfield>
  </datafield>
  <datafield tag="100" ind1=" " ind2=" ">
    <subfield code="a">VORN SOPHORS  &#x179C;&#x17C9;&#x1793; &#x179F;&#x17BB;&#x1797;&#x17D0;&#x179F;&#x17D2;&#x178F;</subfield>
  </datafield>
  <datafield tag="245" ind1=" " ind2=" ">
    <subfield code="a">comparison of different rates of cow manure on green mustard ( Brassica juncea) &#x1780;&#x17B6;&#x179A;&#x1794;&#x17D2;&#x179A;&#x17C0;&#x1794;&#x1792;&#x17C0;&#x1794;&#x1787;&#x17B8;&#x179B;&#x17B6;&#x1798;&#x1780;&#x1782;&#x17C4;&#x1780;&#x17D2;&#x1793;&#x17BB;&#x1784;&#x1780;&#x1798;&#x17D2;&#x179A;&#x17B7;&#x178F;&#x1795;&#x17D2;&#x179F;&#x17C1;&#x1784;&#x17D7;&#x1782;&#x17D2;&#x1793;&#x179B;&#x17BE;&#x178A;&#x17C6;&#x178E;&#x17B6;&#x17C6;&#x179F;&#x17D2;&#x1796;&#x17C3;&#x1781;&#x17C0;&#x179C; </subfield>
  </datafield>
  <datafield tag="260" ind1=" " ind2=" ">
    <subfield code="a">RUA</subfield>
    <subfield code="b">phnom penh </subfield>
    <subfield code="c">2017</subfield>
  </datafield>
  <datafield tag="300" ind1=" " ind2=" ">
    <subfield code="a">ix;37p</subfield>
    <subfield code="b">ill;</subfield>
    <subfield code="c">29cm</subfield>
  </datafield>
  <datafield tag="856" ind1=" " ind2=" ">
    <subfield code="u">https://drive.google.com/file/d/11gvwePRHMLj4b7eE46rJd9M7Ipn2h6P2/view?usp=sharing</subfield>
  </datafield>
  <datafield tag="942" ind1=" " ind2=" ">
    <subfield code="c">AGR</subfield>
  </datafield>
  <datafield tag="999" ind1=" " ind2=" ">
    <subfield code="c">17984</subfield>
    <subfield code="d">17984</subfield>
  </datafield>
  <datafield tag="952" ind1=" " ind2=" ">
    <subfield code="0">0</subfield>
    <subfield code="1">0</subfield>
    <subfield code="2">ddc</subfield>
    <subfield code="4">0</subfield>
    <subfield code="6">AGR_VOR_2017_000000000000000_B636_OR_1</subfield>
    <subfield code="7">0</subfield>
    <subfield code="9">79555</subfield>
    <subfield code="a">LBB</subfield>
    <subfield code="b">LBB</subfield>
    <subfield code="c">B636</subfield>
    <subfield code="d">2019-07-16</subfield>
    <subfield code="o">AGR VOR 2017 B636 Or.1</subfield>
    <subfield code="p">A40737</subfield>
    <subfield code="r">2019-07-16</subfield>
    <subfield code="w">2019-07-16</subfield>
    <subfield code="y">AGR</subfield>
  </datafield>
  <datafield tag="952" ind1=" " ind2=" ">
    <subfield code="0">0</subfield>
    <subfield code="1">0</subfield>
    <subfield code="2">ddc</subfield>
    <subfield code="4">0</subfield>
    <subfield code="6">AGR_VOR_2017_000000000000000_B636_OR_2</subfield>
    <subfield code="7">0</subfield>
    <subfield code="9">79556</subfield>
    <subfield code="a">LBB</subfield>
    <subfield code="b">LBB</subfield>
    <subfield code="c">B636</subfield>
    <subfield code="d">2019-07-16</subfield>
    <subfield code="o">AGR VOR 2017 B636 Or.2</subfield>
    <subfield code="p">A40649</subfield>
    <subfield code="r">2019-07-16</subfield>
    <subfield code="w">2019-07-16</subfield>
    <subfield code="y">AGR</subfield>
  </datafield>
  <datafield tag="952" ind1=" " ind2=" ">
    <subfield code="0">0</subfield>
    <subfield code="1">0</subfield>
    <subfield code="2">ddc</subfield>
    <subfield code="4">0</subfield>
    <subfield code="6">AGR_VOR_2017_000000000000000_B636_OR_3</subfield>
    <subfield code="7">0</subfield>
    <subfield code="9">79557</subfield>
    <subfield code="a">LBB</subfield>
    <subfield code="b">LBB</subfield>
    <subfield code="c">B636</subfield>
    <subfield code="d">2019-07-16</subfield>
    <subfield code="l">1</subfield>
    <subfield code="o">AGR VOR 2017 B636 Or.3</subfield>
    <subfield code="p">A40549</subfield>
    <subfield code="r">2020-11-23</subfield>
    <subfield code="s">2020-10-26</subfield>
    <subfield code="w">2019-07-16</subfield>
    <subfield code="y">AGR</subfield>
  </datafield>
  <datafield tag="952" ind1=" " ind2=" ">
    <subfield code="0">0</subfield>
    <subfield code="1">0</subfield>
    <subfield code="2">ddc</subfield>
    <subfield code="4">0</subfield>
    <subfield code="6">AGR_VOR_2017_000000000000000_B636OR_4</subfield>
    <subfield code="7">0</subfield>
    <subfield code="9">79558</subfield>
    <subfield code="a">LBB</subfield>
    <subfield code="b">LBB</subfield>
    <subfield code="c">B636</subfield>
    <subfield code="d">2019-07-16</subfield>
    <subfield code="o">AGR VOR 2017 B636Or.4</subfield>
    <subfield code="p">A40962</subfield>
    <subfield code="r">2019-07-16</subfield>
    <subfield code="w">2019-07-16</subfield>
    <subfield code="y">AGR</subfield>
  </datafield>
  <datafield tag="952" ind1=" " ind2=" ">
    <subfield code="0">0</subfield>
    <subfield code="1">0</subfield>
    <subfield code="2">ddc</subfield>
    <subfield code="4">0</subfield>
    <subfield code="6">AGR_VOR_2017_000000000000000_B636_OR_5</subfield>
    <subfield code="7">0</subfield>
    <subfield code="9">79559</subfield>
    <subfield code="a">LBB</subfield>
    <subfield code="b">LBB</subfield>
    <subfield code="c">B636</subfield>
    <subfield code="d">2019-07-16</subfield>
    <subfield code="l">2</subfield>
    <subfield code="o">AGR VOR 2017 B636 Or.5</subfield>
    <subfield code="p">A40369</subfield>
    <subfield code="r">2020-08-14</subfield>
    <subfield code="s">2020-07-15</subfield>
    <subfield code="w">2019-07-16</subfield>
    <subfield code="y">AGR</subfield>
  </datafield>
  <datafield tag="952" ind1=" " ind2=" ">
    <subfield code="0">0</subfield>
    <subfield code="1">0</subfield>
    <subfield code="2">ddc</subfield>
    <subfield code="4">0</subfield>
    <subfield code="6">AGR_VOR_2017_000000000000000_B636_OR_6</subfield>
    <subfield code="7">0</subfield>
    <subfield code="9">79560</subfield>
    <subfield code="a">LBB</subfield>
    <subfield code="b">LBB</subfield>
    <subfield code="c">B636</subfield>
    <subfield code="d">2019-07-16</subfield>
    <subfield code="l">3</subfield>
    <subfield code="o">AGR VOR 2017 B636 Or.6</subfield>
    <subfield code="p">A42254</subfield>
    <subfield code="r">2020-07-31</subfield>
    <subfield code="s">2020-07-13</subfield>
    <subfield code="w">2019-07-16</subfield>
    <subfield code="y">AGR</subfield>
  </datafield>
  <datafield tag="952" ind1=" " ind2=" ">
    <subfield code="0">0</subfield>
    <subfield code="1">0</subfield>
    <subfield code="2">ddc</subfield>
    <subfield code="4">0</subfield>
    <subfield code="6">AGR_VOR_2017_000000000000000_B6356_OR_1</subfield>
    <subfield code="7">0</subfield>
    <subfield code="9">86684</subfield>
    <subfield code="a">LBB</subfield>
    <subfield code="b">LBB</subfield>
    <subfield code="c">B636</subfield>
    <subfield code="d">2021-02-08</subfield>
    <subfield code="o">AGR VOR 2017 B6356 Or.1</subfield>
    <subfield code="p">A065133</subfield>
    <subfield code="r">2021-02-08</subfield>
    <subfield code="w">2021-02-08</subfield>
    <subfield code="y">AGR</subfield>
  </datafield>
</record>
